000 00310nam a2200133Ia 4500
008 231129s1970||||xx |||||||||||||| ||spa||
040 _bspa
082 _a190 F379f
100 _aFerrater Mora José
245 0 _aLa filosofí­a actual
260 _c1970
264 _aAlianza Editorial
942 _2ddc
_cBKS
999 _c17132
_d17132